|
|
|
|
| LEADER |
00839nab a2200205 i 4500 |
| 001 |
acta82088 |
| 005 |
20231005154509.0 |
| 008 |
231005s1964 hu o 0|| hun d |
| 040 |
|
|
|a SZTE Egyetemi Kiadványok Repozitórium
|b hun
|
| 041 |
|
|
|a hun
|
| 100 |
1 |
|
|a Kottász József
|
| 245 |
1 |
0 |
|a Beszámoló az Élelmiszervizsgálati Közlemények 1963. évi kötetéről
|h [elektronikus dokumentum] /
|c Kottász József
|
| 260 |
|
|
|c 1964
|
| 300 |
|
|
|a 1-2
|
| 490 |
0 |
|
|a Élelmiszervizsgálati közlemények
|v 10 No. 1-2
|
| 650 |
|
4 |
|a Műszaki és technológiai tudományok
|
| 650 |
|
4 |
|a Egyéb műszaki tudományok és technológiák
|
| 650 |
|
4 |
|a Élelmiszer és italfélék
|
| 695 |
|
|
|a Élelmiszervizsgálat - könyvismertetés
|
| 856 |
4 |
0 |
|u http://acta.bibl.u-szeged.hu/82088/1/elelmiszervizsgalati_kozlemenyek_1964_01-02_01-02.pdf
|z Dokumentum-elérés
|